| 000 | 00650nam a2200205Ia 4500 | ||
|---|---|---|---|
| 005 | 20250507130334.0 | ||
| 008 | 008 250505s9999 xx 000 0 eng d | ||
| 020 | _a0-674-01778-1 | ||
| 037 | _aAnnuals, Advances | ||
| 040 |
_aEASL _beng _cEASL |
||
| 041 |
_aeng _2eng |
||
| 084 |
_aV42wL76, P5 _qEASL |
||
| 100 |
_aMcnally Mark Au. _9665059 |
||
| 245 | 0 | _aProving the way:conflict and practice in the history of Japanese Nativism | |
| 260 |
_aUK _bLondon Harvard University Press _c2005 |
||
| 300 | _axiv,204p. | ||
| 650 |
_aJEL; Hirata School _9755220 |
||
| 942 |
_cTEXL _hV42wL76, P5 |
||
| 999 |
_c1319104 _d1319104 |
||